Birds by Letter - L - Statistics

General Stats
  • This quiz has been taken 26 times
  • The average score is 6 of 16
Answer Stats
Picture Answer % Correct
Loon
80%
Lyrebird
80%
Lapwing
76%
Lorikeet
76%
Lovebird
76%
Lark
72%
Limpkin
36%
Linnet
36%
Longspur
24%
Laughingthrush
20%
Logrunner
12%
Lophorina
12%
Lancebill
8%
Leafbird
8%
Liocichla
8%
Longclaw
8%
No matching quizzes found
Score Distribution
Percent of People with Each Score
Percentile by Number Answered
Your Score History
You have not taken this quiz